000
00268nam a2200097Ia 4500
001
648259
005
20250826153718.0
008
250824s9999 xx 000 0 und d
245
0
_a
SİHİRLİ KRALLIK TEKBOYNUZ VADİSİ 2
_c
ROSİE BANKS
260
_b
DOĞAN EGMONT YAYINLARI
999
_c
648259
_d
648259